Příspěvky k prostorové archeologii 1
Gespeichert in:
| Format: | Buch |
|---|---|
| Sprache: | Tschechisch |
| Veröffentlicht: |
Plzeň :
Západočeská univerzita v Plzni,
2003
|
| Tags: |
Keine Tags, Fügen Sie das erste Tag hinzu!
|
MARC
| LEADER | 00000nam a22000003a 4500 | ||
|---|---|---|---|
| 001 | stu176054 | ||
| 005 | 20150408174758.7 | ||
| 008 | 081120s2003----xr------------------cze-d | ||
| 020 | |a 80-86473-60-0 | ||
| 040 | |a STU |b slo | ||
| 041 | 0 | |a cze | |
| 044 | |a xr | ||
| 080 | |a 930.26 | ||
| 245 | |a Příspěvky k prostorové archeologii 1 | ||
| 260 | |a Plzeň : |b Západočeská univerzita v Plzni, |c 2003 | ||
| 300 | |a 247 s | ||
| 996 | |c V*50310/O-22454 |l VV3 |s P |a 0 |w stu176054_0001 | ||